书目信息 |
| 题名: |
钓鱼诀窍
|
|
| 作者: | 沈凡 编著 | |
| 分册: | ||
| 出版信息: | 北京 金盾出版社 2016.10 |
|
| 页数: | 21,328页 | |
| 开本: | 21cm | |
| 丛书名: | ||
| 单 册: | ||
| 中图分类: | G897 | |
| 科图分类: | ||
| 主题词: | 钓鱼(文娱活动)--基本知识 | |
| 电子资源: | ||
| ISBN: | 978-7-5186-0988-8 | |
| 000 | 00813nam0 2200253 450 | |
| 001 | 0120162020679 | |
| 005 | 20170330162601.93 | |
| 010 | @a978-7-5186-0988-8@dCNY33.00 | |
| 100 | @a20170217d2016 em y0chiy50 ea | |
| 101 | 0 | @achi |
| 102 | @aCN@b110000 | |
| 105 | @aa z 000yy | |
| 106 | @ar | |
| 200 | 1 | @a钓鱼诀窍@9diao yu jue qiao@f沈凡编著 |
| 205 | @a2版 | |
| 210 | @a北京@c金盾出版社@d2016.10 | |
| 215 | @a21,328页@c图@d21cm | |
| 330 | @a本书共分为十一章,主要内容包括怎样精选和使用钓具、怎样识鱼性、配制及使用鱼饵的诀窍、饵料及其使用方法、鱼饵配方精选、各种垂钓技巧、海竿钓具及组装、海竿施钓要领等。 | |
| 333 | @a钓鱼爱好者 | |
| 606 | 0 | @a钓鱼(文娱活动)@x基本知识 |
| 690 | @aG897@v5 | |
| 701 | 0 | @a沈凡@9shen fan@4编著 |
| 801 | 0 | @aCN@b人天书店@c20170217 |
| 905 | @b981456-59@dG897@e323=2@f4 | |
| 钓鱼诀窍/沈凡编著.-2版.-北京:金盾出版社,2016.10 |
| 21,328页:图;21cm |
| 使用对象:钓鱼爱好者 |
| ISBN 978-7-5186-0988-8:CNY33.00 |
| 本书共分为十一章,主要内容包括怎样精选和使用钓具、怎样识鱼性、配制及使用鱼饵的诀窍、饵料及其使用方法、鱼饵配方精选、各种垂钓技巧、海竿钓具及组装、海竿施钓要领等。 |
| ● |
| 相关链接 |
|
|
|
|
正题名:钓鱼诀窍
索取号:G897/323=2
 
预约/预借
| 序号 | 登录号 | 条形码 | 馆藏地/架位号 | 状态 | 备注 |
| 1 | 981456 | 209814566 | 第一样本阅览室/ [索取号:G897/323=2] | 在馆 | |
| 2 | 981457 | 209814575 | 第四借阅区/ [索取号:G897/323=2] | 在馆 | |
| 3 | 981458 | 209814584 | 第四借阅区/ [索取号:G897/323=2] | 在馆 | |
| 4 | 981459 | 209814593 | 密集书库-体育系/ [索取号:G897/323=2] | 在馆 |